Saddanukram dharanividya nai camnat thnak ti sakal / (Record no. 21532)
[ view plain ]
| 000 -LEADER | |
|---|---|
| fixed length control field | 00309nam a22001213i 4500 |
| 020 ## - INTERNATIONAL STANDARD BOOK NUMBER | |
| ISBN | 9789996385230 |
| 040 ## - CATALOGING SOURCE | |
| Transcribing agency | DLC |
| 082 ## - DEWEY DECIMAL CLASSIFICATION NUMBER | |
| Classification number | TRI TRA 2016 C112 Or. |
| 245 00 - TITLE STATEMENT | |
| Title | Saddanukram dharanividya nai camnat thnak ti sakal / |
| 300 ## - PHYSICAL DESCRIPTION | |
| Number of Pages | 498 pages |
| 520 ## - SUMMARY, ETC. | |
| Summary, etc | Glossary of land classification. |
| 942 ## - ADDED ENTRY ELEMENTS (KOHA) | |
| Koha item type | ADB |
| 952 ## - LOCATION AND ITEM INFORMATION (KOHA) | |
| Withdrawn status [LOCAL, KOHA] | 0 |
| Permanent Location | Date acquired | Koha item type | Lost status | Shelving location | Barcode | Current Location | Full call number |
|---|---|---|---|---|---|---|---|
| Library Block C | 2023-07-07 | ADB | C112 | a72595 | Library Block C | TRI TRA 2016 C112 Or. |